| 000 | 00961nam a22001937a 4500 | ||
|---|---|---|---|
| 003 | AM-YEHGA | ||
| 005 | 20250617164133.0 | ||
| 008 | 211021b ||||| |||| 00| 0 rus d | ||
| 040 | _aAM-YeHGA | ||
| 041 | 0 | _arus | |
| 110 | 2 | _aАкмянский комбинат строительных материалов. | |
| 245 | 1 | 0 |
_aПредложения рационализаторов Акмянского комбината строительных материалов / _cУпр. пром-сти стройматериалов Совнархоза Литов. ССР, Ин-т новых строит. материалов |
| 260 |
_aВильнюс : _bЦБТИ и пропаганды Гос. ком. Совета Министров по делам строительства и архитектуры, _c1962. |
||
| 300 |
_a33 с., _bил. |
||
| 653 | 0 | _aСтроительное дело | |
| 942 |
_2udc _cBK |
||
| 001 | 1797740 | ||
| 090 | _c522209 | ||
| 999 |
_c518651 _d518651 |
||